[Event "ISR-ch Youth 2019"]
[Site "Jerusalem"]
[Date "2019.04.11"]
[Round "1.1"]
[White "Lukin, Elisha"]
[Black "Gorshtein, Asaf"]
[Result "1-0"]
[WhiteElo "2287"]
[BlackElo "2093"]
[Annotator "TA"]
[PlyCount "113"]
[EventDate "2019.04.11"]
[EventType "swiss"]
[EventCountry "ISR"]
[SourceTitle "playchess.com"]
[Source "ChessBase"]
[SourceQuality "1"]

{[%evp 12,113,14,12,29,38,39,20,16,29,24,7,16,7,45,37,60,41,48,52,110,135,225,233,225,210,291,295,327,328,408,393,373,369,463,497,1154,441,414,154,146,138,139,150,121,143,152,20,238,268,268,89,268,260,253,259,252,254,252,129,477,216,213,132,134,107,185,178,177,174,291,158,467,268,514,514,424,440,515,491,713,518,1038,966,962,931,670,618,2486,2294,1899,1787,1645,1464,29977,29978,29978,29979,29979,29980,29980,29981,29980,29963]} 1. d4 Nf6 2. c4 e6 3. Nc3 d5 4. cxd5 exd5 5. Bg5 c6 6. e3 h6 7. Bh4 Be6 {D35: Queen's Gambit Declined: Exchange Variation} 8. Bd3 Nbd7 9. Nge2 g5 {The position is equal.} 10. Bg3 Nh5 11. h3 $146 ({Predecessor:} 11. Qc2 Nxg3 12. Nxg3 h5 13. Nf5 h4 14. O-O-O {½-½ (43) Karjakin,S (2783)-Meier,G (2630) chess.com INT 2017}) 11... Nxg3 12. Nxg3 Qb6 13. Rb1 O-O-O 14. b4 {[%cal Bb2b4,Bb4b5][%mdl 32]} h5 15. O-O Bd6 ({Black should play} 15... Kb8 $14) 16. Nf5 $16 (16. Nxh5 $6 g4 $11) 16... Bxf5 (16... Bf8 $16) 17. Bxf5 $18 Kb8 18. b5 Ka8 19. Qd3 Qc7 20. bxc6 bxc6 21. e4 dxe4 22. Bxe4 Nc5 23. Nb5 $1 {[%cal Rb5c7]} Bh2+ 24. Kh1 Qb7 25. Qc4 $2 (25. Qc2 $18 {has better winning chances.} Nxe4 26. Nxa7) 25... Nxe4 $16 26. Nxa7 $1 $40 {[%mdl 128] White has strong attack.} Nd6 (26... Nd2 $2 27. Qa4 $1 $18 {[%mdl 512]}) 27. Qxc6 Qxc6 28. Nxc6 Bf4 ({Wrong is} 28... Rc8 $2 29. Rfc1 $18) 29. Rb4 ({Don't do} 29. Nxd8 Rxd8 30. Rb3 Bd2 $14) ({Better is} 29. Rb3 $1 $16 {Intending Rfb1 and mate.} Nc4 30. Rfb1) 29... Rb8 $2 (29... Bd2 $1 $11 30. Ra4+ Kb7 31. Nxd8+ Rxd8) 30. Nxb8 $18 Rxb8 31. Ra4+ $1 Kb7 32. g3 $1 {[%cal Rg3f4]} Bd2 33. Rd1 $1 {[%cal Rd1d2]} Bc3 34. Rb1+ Kc7 35. Rc1 (35. Ra7+ $18 Nb7 36. Rc1) 35... Nb5 $2 {[%mdl 8192]} (35... Ne4 $16) 36. Rc4+ (36. Rb4 $142) 36... Kd6 37. R1xc3 ({Much less strong is} 37. R4xc3 $6 Nxc3 38. Rxc3 Rb4 $16) 37... Nxc3 38. Rxc3 {[%mdl 4096] Endgame KR-KR} Rb2 (38... Rb4 $16 {is a better defense.}) 39. Rf3 $1 Ke6 40. a4 Rd2 {[#]} (40... Ra2 {was called for.} 41. d5+ Ke7) 41. a5 ({White must play} 41. Ra3 $1 $18) 41... Rxd4 $2 (41... Ra2 $16 42. d5+ Ke5 43. Rxf7 Rxa5) 42. Re3+ (42. Ra3 $142 Rd7 43. a6) 42... Kf6 $2 {[#]} (42... Kd7 43. Ra3 Kc6) 43. Ra3 $1 Rd7 44. a6 Ra7 45. Ra5 Kg6 (45... Ke6 $142 46. Rxg5 Rxa6 47. Rxh5 Ra8) 46. Kg2 f6 (46... Kf6 $142 47. Kf3 Ke7 48. Rxg5 Rxa6 49. Rxh5 Rf6+ 50. Ke3 Rb6) 47. Kf3 Kf7 48. Ke4 Ke6 49. g4 hxg4 50. hxg4 Kd6 51. Kf5 Ke7 52. Kg6 Ra8 53. a7 {White mates.} Rg8+ 54. Kf5 Ra8 55. Ra6 Kf7 56. Rxf6+ Kg7 57. Ra6 {Accuracy: White = 58%, Black = 33%.} 1-0

[Event "ISR-ch Youth 2019"]
[Site "Jerusalem"]
[Date "2019.04.11"]
[Round "1.2"]
[White "Kadria, Shay"]
[Black "Globus, Or"]
[Result "0-1"]
[WhiteElo "2074"]
[BlackElo "2346"]
[Annotator "TA"]
[PlyCount "80"]
[EventDate "2019.04.11"]
[EventType "swiss"]
[EventCountry "ISR"]
[SourceTitle "playchess.com"]
[Source "ChessBase"]
[SourceQuality "1"]

{[%evp 14,80,10,-12,11,17,21,14,28,27,57,31,32,27,49,48,54,13,0,0,47,37,20,0,38,31,49,6,26,16,121,35,28,21,30,-18,-23,-25,-10,-37,0,0,0,0,92,90,96,79,121,97,232,238,249,233,238,221,277,277,435,182,181,0,0,0,0,0,0,-29998,-29999]} 1. Nf3 Nf6 2. g3 g6 3. Bg2 Bg7 4. O-O O-O 5. c4 d6 6. Nc3 e5 7. d3 Nc6 8. a3 Bg4 {A26: English Opening vs King's Indian with ...Nc6 and d3} (8... Nd4 9. Ne1 c6 10. b4 Re8 11. e3 Ne6 12. Bb2 h5 13. Nf3 Bd7 14. Rc1 Rc8 15. c5 Nf8 16. cxd6 Bg4 {½-½ (81) Caruana,F (2822)-Aronian,L (2767) Saint Louis 2018}) 9. h3 Bd7 10. e4 Nh5 $146 {The position is equal.} ({Predecessor:} 10... a6 11. Bg5 h6 12. Be3 Nh7 13. Nd5 Nd4 14. Nxd4 exd4 15. Bd2 c6 16. Nf4 {½-½ (29) Psakhis,L (2610)-Alterman,B (2585) Haifa 1996}) 11. b4 Qe8 12. c5 dxc5 13. bxc5 Nd8 14. Rb1 Rb8 15. a4 Ne6 16. Ba3 c6 17. Qc2 Qe7 18. Nd1 b6 19. Ne3 bxc5 20. Rfc1 f6 21. Qc4 (21. Bxc5 Nxc5 22. Rxb8 Rxb8 $15) 21... Rb6 (21... Bh6 $1 $11 {remains equal.}) 22. Nf5 (22. d4 $16 {[%cal Ra3c5]} Qf7 23. Bxc5 (23. dxc5 Rxb1 24. Rxb1 Bc8 $14) 23... Nxc5 24. Qxc5 (24. dxc5 Be6 $11)) 22... gxf5 $14 23. exf5 Rfb8 24. Rxb6 axb6 25. fxe6 Bxe6 26. Qh4 Qf7 27. Rb1 Bf8 28. Nd2 Bd7 (28... Be7 $11 29. Bf3 Ng7) 29. Bf3 $36 {[%mdl 2048] Keeping Black busy.} Ng7 30. Ne4 Be7 {[#] Hoping for ...Qa2.} 31. Bxc5 $1 {[%mdl 512]} Nf5 ({Don't blunder} 31... Bxc5 $2 32. Nxc5 b5 33. Nxd7 $18) (31... Bd8 $16) (31... bxc5 32. Rxb8+) 32. Qg4+ $18 Kh8 33. Rxb6 ({Not} 33. Bxb6 Qa2 $11) 33... Rxb6 34. Bxb6 Qb3 35. Bc5 Bd8 {[#]} (35... Bxc5 {is a better defense.} 36. Nxc5 Qb1+ 37. Bd1 (37. Kh2 Qf1 $18) 37... Bc8) 36. Nd6 (36. a5 $142 $1 {[%mdl 512]}) 36... Nd4 37. Qxd7 $2 (37. Qe4 $18) 37... Nxf3+ $11 38. Kg2 {Nf7+ would kill now.} Ne1+ 39. Kf1 {Threatening mate with Nf7+.} Qxd3+ 40. Kxe1 $2 {[%mdl 8192]} (40. Kg1 $11 Nf3+ 41. Kg2 Ne1+ 42. Kg1 Nf3+ 43. Kg2 Ne1+ 44. Kh2 Nf3+ 45. Kg2) 40... Ba5+ {Accuracy: White = 42%, Black = 28%.} 0-1

[Event "ISR-ch Youth 2019"]
[Site "Jerusalem"]
[Date "2019.04.11"]
[Round "1.3"]
[White "Rozen, Eytan"]
[Black "Rivlin, Shachar"]
[Result "1-0"]
[WhiteElo "2309"]
[BlackElo "1852"]
[Annotator "NA"]
[PlyCount "105"]
[EventDate "2019.04.11"]
[EventType "swiss"]
[EventCountry "ISR"]
[SourceTitle "playchess.com"]
[Source "ChessBase"]
[SourceQuality "1"]
[TimeControl "5400+30"]

{[%evp 8,105,33,21,29,45,38,18,32767,32767,32767,32767,32767,32767,32767,32767,32767,32767,32767,32767,32767,32767,32767,66,72,32767,54,32767,32767,74,224,227,206,191,226,216,206,197,231,32767,273,258,275,182,193,181,190,102,189,196,32767,32767,32767,32767,32767,32767,32767,160,179,124,127,128,171,175,220,193,223,198,230,195,216,196,32767,32767,32767,32767,32767,32767,32767,32767,32767,32767,32767,32767,32767,331,352,352,490,404,397,342,863,869,2504,32767,29987,29988,29991,29992]} 1. c4 {[%emt 0:00:00]} Nf6 {[%emt 0:00:00]} 2. Nf3 {[%emt 0:00:02]} g6 {[%emt 0:00:09]} 3. g3 {[%emt 0:00:02]} Bg7 {[%emt 0:05:43]} 4. Bg2 {[%emt 0:00:03]} d6 {[%emt 0:00:45]} 5. d4 {[%emt 0:00:19]} c6 {[%emt 0:00:53] LiveBook: 134 Games} 6. O-O {[%emt 0:00:05]} O-O {[%emt 0:00:09]} 7. b3 {[%emt 0:00:28]} Ne4 {[%emt 0:09:47] E60: King's Indian: Unusual lines and Fianchetto Variation without Nc3} (7... e5 8. dxe5 dxe5 9. Bb2 e4 10. Qxd8 Rxd8 11. Ng5 Bf5 12. Nc3 h6 13. Ncxe4 Nxe4 14. Bxg7 hxg5 15. Be5 Nd7 {½-½ (67) Nepomniachtchi,I (2729)-Caruana,F (2799) London 2017}) 8. Bb2 {[%emt 0:00:07]} Na6 {[%emt 0:08:54]} 9. Nfd2 $146 {[%emt 0:01:05]} ({Predecessor:} 9. Nc3 Nxc3 10. Bxc3 d5 11. cxd5 cxd5 12. Rc1 Nc7 13. Ne5 Nb5 14. Bb2 Be6 15. Rc5 a6 16. a4 {½-½ (41) Ravikumar,V (2350)-Cornelisse,J (2187) Guernsey 2007}) 9... Nxd2 {[%emt 0:00:35]} 10. Qxd2 {[%emt 0:00:13]} e5 {[%emt 0:07:11]} 11. Rd1 {[%emt 0:03:21]} Be6 {[%emt 0:05:36]} 12. Na3 {[%emt 0:03:00]} Qb6 {[%emt 0:06:28]} 13. d5 {[%emt 0:03:24]} cxd5 {[%emt 0:02:08]} 14. cxd5 {[%emt 0:00:57]} Bc8 {[%emt 0:10:52]} 15. Rac1 {[%emt 0:05:29]} Qd8 {[%emt 0:07:01]} 16. Rc2 {[%emt 0:07:48]} Qe7 {[%emt 0:02:36]} 17. Rdc1 {[%emt 0:04:50]} Bd7 {[%emt 0:03:14]} 18. Nc4 {[%emt 0:01:19]} Rfc8 $2 {[%emt 0:02:23] [#]} (18... f5 $14) 19. Ba3 $1 {[%emt 0:00:25]} Qd8 {[%emt 0:04:27]} 20. Nxd6 {[%emt 0:00:26]} Rxc2 {[%emt 0:00:22]} 21. Rxc2 {[%emt 0:00:28]} Rb8 {[%emt 0:03:05]} 22. Nc4 {[%emt 0:02:42]} b5 {[%emt 0:01:04]} 23. Ne3 {[%emt 0:00:21]} Bf8 {[%emt 0:02:36]} 24. d6 {[%emt 0:05:06]} Be6 {[%emt 0:02:48]} 25. Rc6 {[%emt 0:01:19]} Rb6 {[%emt 0:01:27]} 26. Nd5 {[%emt 0:17:44]} Bxd5 {[%emt 0:03:12]} (26... Rxc6 $2 {is the wrong capture.} 27. Ne7+ {[%mdl 64] Discovered Attack} Kg7 28. Nxc6 $18) 27. Qxd5 {[%emt 0:04:25]} ({Don't take} 27. Bxd5 $6 Rxc6 28. Bxc6 b4 $16) (27. Rxb6 $18 axb6 28. Qxd5 {[%mdl 64] Double Attack}) 27... b4 {[%emt 0:00:46]} (27... Rxc6 $16 {was worth a try.} 28. Qxc6 b4) 28. Rxb6 {[%emt 0:02:52]} axb6 {[%emt 0:00:36]} 29. Bb2 {[%emt 0:00:35]} Qxd6 {[%emt 0:00:36]} 30. Bxe5 {[%emt 0:00:24]} Qe7 {[%emt 0:06:33]} 31. Bb2 {[%emt 0:03:12]} Qc5 {[%emt 0:02:13]} 32. Qd7 {[%emt 0:04:17]} Qd6 {[%emt 0:00:54]} 33. Qc8 {[%emt 0:01:22]} Nc5 {[%emt 0:00:30]} 34. Qc6 {[%emt 0:02:20]} Qxc6 {[%emt 0:00:30]} 35. Bxc6 {[%emt 0:00:02]} Bd6 {[%emt 0:00:46]} 36. f4 {[%emt 0:00:36]} f5 {[%emt 0:00:24]} 37. Kf2 {[%emt 0:01:20]} Kf7 {[%emt 0:00:37]} 38. Bd5+ {[%emt 0:01:10]} Ke7 {[%emt 0:00:16]} 39. Ke3 {[%emt 0:00:52]} Nd7 {[%emt 0:00:25]} 40. Kf3 {[%emt 0:01:21]} Bc5 {[%emt 0:00:51]} 41. e4 {[%emt 0:00:42]} fxe4+ {[%emt 0:00:22]} 42. Bxe4 {[%emt 0:00:27]} Ke6 {[%emt 0:00:35]} 43. g4 {[%emt 0:00:46]} Bd6 {[%emt 0:00:36]} 44. Bd3 {[%emt 0:03:01]} Nc5 {[%emt 0:00:30]} 45. Bc4+ {[%emt 0:00:12]} Ke7 {[%emt 0:00:12]} 46. h4 {[%emt 0:01:56]} Nd7 {[%emt 0:00:46]} 47. g5 {[%emt 0:00:59]} Nc5 {[%emt 0:00:27]} (47... Kf8 $142 48. Kg4 Bc7) 48. Bd4 {[%emt 0:02:33]} Kf8 {[%emt 0:00:34]} 49. h5 {[%emt 0:03:20]} Nd7 $2 {[%emt 0:00:33]} (49... gxh5 50. f5 Nd7) 50. h6 {[%emt 0:00:12]} Nc5 {[%emt 0:00:27]} 51. f5 {[%emt 0:00:47]} gxf5 {[%emt 0:00:10] [#]} 52. g6 $1 {[%emt 0:00:07]} hxg6 {[%emt 0:00:51]} 53. h7 {[%emt 0:00:15]} 1-0

[Event "ISR-ch Youth 2019"]
[Site "Jerusalem"]
[Date "2019.04.11"]
[Round "1.4"]
[White "Zoabi, Jihad"]
[Black "Musyuk, Lior"]
[Result "0-1"]
[WhiteElo "1696"]
[BlackElo "2231"]
[Annotator "TA"]
[PlyCount "68"]
[EventDate "2019.04.11"]
[EventType "swiss"]
[EventCountry "ISR"]
[SourceTitle "playchess.com"]
[Source "ChessBase"]
[SourceQuality "1"]

{[%evp 16,68,21,11,22,6,30,33,30,37,34,27,28,25,22,9,31,26,23,14,119,62,53,45,83,41,79,47,106,0,0,0,0,0,0,-169,-174,-162,-161,-166,-163,-169,-161,-335,-325,-276,-307,-781,-630,-995,-993,-1140,-1112,-5369,-2458]} 1. e4 c5 2. Nf3 Nc6 3. Bb5 g6 4. Bxc6 dxc6 5. d3 Bg7 6. h3 Nf6 7. Nc3 Nd7 8. Be3 e5 9. Qd2 h6 {B31: Sicilian: 2...Nc6 3 Bb5 g6} 10. O-O Qe7 (10... b6 11. a3 Nf8 12. b4 Ne6 13. bxc5 f5 14. exf5 gxf5 15. Qe1 O-O 16. Rb1 e4 17. dxe4 {0-1 (36) Wang,H (2730)-Carlsen,M (2835) St Petersburg 2018}) 11. Nh2 Nf8 {White is slightly better.} 12. f4 exf4 13. Bxf4 Ne6 14. Bg3 $36 {[%mdl 2048] White is more active.} Qg5 15. Qe1 Nd4 16. Qf2 O-O 17. Bd6 Be6 $146 (17... Bxh3 $1 $11 18. Bf4 Qxg2+ $1 {[%mdl 512]} 19. Qxg2 Bxg2 20. Kxg2 Nxc2) 18. Bxf8 (18. e5 $16) 18... Rxf8 $14 19. Nf3 Qe7 20. Rae1 Qc7 21. Nd1 f5 (21... Nxf3+ $14 22. Qxf3 c4) 22. c3 (22. Nxd4 $16 Bxd4 23. Ne3) 22... fxe4 $1 $11 23. cxd4 Bxd4 24. Nxd4 Rxf2 25. Nxe6 $2 (25. Nxf2 $11 {and White is okay.} cxd4 26. Nxe4) 25... Rxf1+ $19 26. Rxf1 {[#]} Qe7 $1 {[%cal Re7e6]} 27. Nf4 {[#]} g5 $1 {[%cal Rg5f4]} 28. Nh5 exd3 29. Nf2 $2 (29. Nf6+ {keeps fighting.} Kg7 30. Ng4) 29... Qe2 30. Ng3 Qxb2 31. Nfe4 $2 (31. Nxd3 Qa3 32. Rf3) 31... Qd4+ {Black is clearly winning.} 32. Kh1 c4 33. Nh5 d2 34. Nf2 {[#]} Qxf2 $1 {[%mdl 576] Promotion. Accuracy: White = 29%, Black = 63%.} 0-1

[Event "ISR-ch Youth 2019"]
[Site "Jerusalem"]
[Date "2019.04.11"]
[Round "1.5"]
[White "Lindman, Hilel"]
[Black "Milikow, Elie"]
[Result "0-1"]
[WhiteElo "1547"]
[BlackElo "2199"]
[Annotator "TA"]
[PlyCount "52"]
[EventDate "2019.04.11"]
[EventType "swiss"]
[EventCountry "ISR"]
[SourceTitle "playchess.com"]
[Source "ChessBase"]
[SourceQuality "1"]

{[%evp 9,52,20,38,34,31,-14,-14,-14,-11,-14,-14,-15,-14,-16,0,0,0,0,-5,-4,-7,-53,-52,-43,-43,-132,-72,-126,-126,-272,-272,-633,-645,-766,-769,-762,-758,-710,-762,-797,-793,-788,-785,-738,-727]} 1. d4 Nf6 2. Nf3 c5 3. c3 cxd4 4. cxd4 g6 5. Bf4 Bg7 6. e3 {A46: 1 d4 Nf6 2 Nf3 e6: Torre, London and Colle Systems} O-O 7. h3 (7. Nc3 d6 8. Be2 Nc6 9. O-O Bf5 10. h3 Rc8 11. Rc1 Qb6 12. Na4 Qa5 13. Nc3 Nb4 14. Qd2 Nbd5 15. Nxd5 Qxd5 16. b3 {½-½ (68) Grachev,B (2654)-Artemiev,V (2692) Sochi 2017}) 7... Qb6 8. Qb3 {The position is equal.} Qxb3 9. axb3 Nc6 10. Nc3 d6 $146 ({Predecessor:} 10... Nb4 11. Ra4 Nfd5 12. Be5 {½-½ (44) Lazic,L (2217)-Pantelic,S (2358) Paracin 2017}) 11. Bc4 Rb8 12. O-O a6 13. Rfc1 b5 14. Be2 Bb7 15. Rc2 Nb4 16. Rcc1 Rfc8 17. Nd1 (17. Ne1 $15) 17... h6 (17... Nfd5 $142 18. Bh2 Nc2) 18. Rxc8+ ({White should try} 18. Nc3) 18... Rxc8 $17 19. Ra5 (19. Ne1 $17 {was necessary.}) 19... Rc2 20. Bxb5 $2 {[#]} (20. Kf1) 20... axb5 $19 {Black is clearly winning.} 21. Rxb5 Bxf3 22. gxf3 Nd3 23. Nc3 Nxf2 24. h4 Nh3+ 25. Kf1 Nxf4 26. exf4 Nh5 {Accuracy: White = 31%, Black = 79%.} 0-1

[Event "ISR-ch Youth 2019"]
[Site "Jerusalem"]
[Date "2019.04.11"]
[Round "1.6"]
[White "Vagman, Roy"]
[Black "Leib, Yoni"]
[Result "1-0"]
[WhiteElo "1959"]
[BlackElo "1460"]
[Annotator "NA RC"]
[PlyCount "49"]
[EventDate "2019.04.11"]
[EventType "swiss"]
[EventCountry "ISR"]
[SourceTitle "playchess.com"]
[Source "ChessBase"]
[SourceQuality "1"]
[TimeControl "5400+30"]

{[%evp 10,49,39,-20,19,32767,32767,32767,32767,32767,32767,32767,32767,32767,32767,32767,32767,-92,0,-15,112,102,179,118,293,305,389,402,377,397,32767,32767,339,407,32767,447,32767,605,966,591,1539,5428]} 1. e4 {[%emt 0:00:00]} e5 {[%emt 0:00:00]} 2. Nf3 {[%emt 0:00:00]} Nc6 {[%emt 0:00:00]} 3. d4 {[%emt 0:01:15]} exd4 {[%emt 0:00:28]} 4. Nxd4 {[%emt 0:00:48]} Bc5 {[%emt 0:00:14]} 5. Be3 {[%emt 0:02:11]} Bb6 {[%emt 0:00:28] LiveBook: 65 Games} 6. c3 {[%emt 0:01:40]} (6. Nc3 $14) 6... d6 {[%emt 0:02:36]} 7. Bc4 {[%emt 0:02:34] C45: Scotch Game} (7. Bb5 Bd7 8. O-O Nf6 9. f3 O-O 10. Bxc6 bxc6 11. Nd2 Re8 12. Re1 h6 13. Bf2 c5 14. Nc2 c6 {1-0 (37) Kiriella,K (1331)-Madushanka,H (1777) Ambalangoda 2018}) 7... h6 {[%emt 0:04:25]} 8. O-O $146 {[%emt 0:05:24]} ({Predecessor:} 8. a4 Nf6 9. Qc2 O-O 10. O-O Qe7 11. f3 Be6 12. Bb5 Nxd4 13. cxd4 c6 14. Bd3 Rac8 {0-1 (34) Milosavljevic,R (1659)-Lukic,S (1322) Paracin 2018}) 8... Nf6 {[%emt 0:00:46]} 9. Re1 {[%emt 0:05:15]} O-O {[%emt 0:01:58]} 10. Qc2 {[%emt 0:05:15]} Re8 {[%emt 0:03:23]} 11. Nd2 {[%emt 0:08:34]} Ne5 {[%emt 0:06:58]} 12. Bb3 {[%emt 0:02:25]} d5 {[%emt 0:09:42]} 13. h3 {[%emt 0:11:01]} (13. Bf4 $14 {keeps the upper hand.}) 13... dxe4 {[%emt 0:07:36]} (13... c5 $17 14. N4f3 Nxf3+ 15. Nxf3 Rxe4) 14. Nxe4 {[%emt 0:01:02]} Nxe4 {[%emt 0:10:57]} (14... c5 $11 {keeps the balance.} 15. Nb5 Bf5) 15. Qxe4 {[%emt 0:00:13]} Ng4 {[%emt 0:05:27]} (15... c5 $16 {might work better.}) 16. Qg6 {[%emt 0:02:20]} Ne5 $2 {[%emt 0:02:13]} (16... Qf6 $16 17. Qxf6 Nxf6) 17. Qg3 {[%emt 0:00:06]} Kf8 {[%emt 0:08:44] [#]} 18. Bxh6 $1 {[%emt 0:01:11]} gxh6 {[%emt 0:01:04]} 19. Rxe5 {[%emt 0:00:13]} Bxd4 {[%emt 0:01:31]} 20. Rxe8+ {[%emt 0:00:49]} Qxe8 {[%emt 0:02:18]} 21. cxd4 {[%emt 0:00:28]} Qe7 {[%emt 0:01:57]} 22. Rc1 {[%emt 0:01:20]} c6 {[%emt 0:00:34]} 23. Rc3 {[%emt 0:02:47]} Bf5 {[%emt 0:03:51]} 24. Rf3 {[%emt 0:01:30]} Be6 {[%emt 0:01:37]} 25. Qe5 $18 {[%emt 0:00:11]} 1-0

[Event "ISR-ch Youth 2019"]
[Site "Jerusalem"]
[Date "2019.04.11"]
[Round "1.8"]
[White "Azoulay, Yehonatan"]
[Black "Fester, Ilay"]
[Result "1-0"]
[WhiteElo "1491"]
[BlackElo "1195"]
[Annotator "NA"]
[PlyCount "99"]
[EventDate "2019.04.11"]
[EventType "swiss"]
[EventCountry "ISR"]
[SourceTitle "playchess.com"]
[Source "ChessBase"]
[SourceQuality "1"]
[TimeControl "5400+30"]

1. e4 {[%emt 0:00:00]} e6 {[%emt 0:00:00]} 2. d4 {[%emt 0:00:00]} d5 {[%emt 0:00:00]} 3. e5 {[%emt 0:00:00]} c5 {[%emt 0:00:00]} 4. c3 {[%emt 0:00:00]} Qb6 {[%emt 0:00:03]} 5. Nf3 {[%emt 0:00:16]} Bd7 {[%emt 0:00:12]} 6. Qc2 {[%emt 0:00:28]} Bb5 {[%emt 0:00:35]} 7. Bxb5+ {[%emt 0:00:42]} Qxb5 {[%emt 0:00:11]} 8. Na3 {[%emt 0:00:30]} Qb6 {[%emt 0:01:40]} 9. O-O {[%emt 0:00:12]} Nc6 {[%emt 0:00:24]} 10. Be3 {[%emt 0:00:21]} cxd4 {[%emt 0:01:32]} 11. Nxd4 {[%emt 0:00:11]} Qc7 {[%emt 0:02:58]} 12. Nab5 {[%emt 0:00:21]} Qd7 {[%emt 0:02:42]} 13. Qa4 {[%emt 0:01:58]} Nxd4 {[%emt 0:02:34]} 14. Nc7+ {[%emt 0:01:02]} Kd8 {[%emt 0:01:08]} 15. Qxd7+ {[%emt 0:00:06]} Kxd7 {[%emt 0:00:10]} 16. Nxa8 {[%emt 0:00:04]} Nc2 {[%emt 0:00:40]} 17. Rac1 {[%emt 0:00:04]} Nxe3 {[%emt 0:00:13]} 18. fxe3 {[%emt 0:00:04]} Bc5 {[%emt 0:00:52]} 19. Rxf7+ {[%emt 0:00:51]} Ne7 {[%emt 0:02:39]} 20. Re1 {[%emt 0:00:34]} Rxa8 {[%emt 0:00:34]} 21. b4 {[%emt 0:00:48]} Bb6 {[%emt 0:00:27]} 22. Rxg7 {[%emt 0:00:39]} Rf8 {[%emt 0:04:53]} 23. a4 {[%emt 0:01:16]} a6 {[%emt 0:02:25]} 24. h3 {[%emt 0:02:31]} Rf5 {[%emt 0:04:13]} 25. Rxh7 {[%emt 0:00:56]} Rxe5 {[%emt 0:00:24]} 26. Kf2 {[%emt 0:00:38]} a5 {[%emt 0:11:18]} 27. g4 {[%emt 0:00:57]} Bd8 {[%emt 0:04:26]} 28. Rb1 {[%emt 0:01:47]} Bb6 {[%emt 0:01:14]} 29. bxa5 {[%emt 0:00:12]} Bxe3+ {[%emt 0:02:00]} 30. Kf3 {[%emt 0:01:24]} Bc5 {[%emt 0:00:36]} 31. Rxb7+ {[%emt 0:01:02]} Kc6 {[%emt 0:00:27]} 32. Rbxe7 {[%emt 0:01:13]} Re3+ {[%emt 0:01:10]} 33. Kf4 {[%emt 0:00:29]} Rxc3 {[%emt 0:00:32]} 34. Rxe6+ {[%emt 0:00:12]} Bd6+ {[%emt 0:00:27]} 35. Rxd6+ {[%emt 0:01:09]} Kxd6 {[%emt 0:00:26]} 36. g5 {[%emt 0:00:42]} d4 {[%emt 0:00:27]} 37. g6 {[%emt 0:00:17]} Ke6 {[%emt 0:00:58]} 38. a6 {[%emt 0:00:40]} d3 {[%emt 0:00:59]} 39. Ke3 {[%emt 0:00:29]} Ra3 {[%emt 0:00:20]} 40. g7 {[%emt 0:00:29]} Kf7 {[%emt 0:00:31]} 41. a7 {[%emt 0:00:20]} Rxa4 {[%emt 0:00:39]} 42. Rh8 {[%emt 0:00:58]} Kxg7 {[%emt 0:01:50]} 43. a8=Q {[%emt 0:00:14]} Rxa8 {[%emt 0:00:24]} 44. Rxa8 {[%emt 0:00:08]} Kg6 {[%emt 0:00:20]} 45. Kxd3 {[%emt 0:00:10]} Kg5 {[%emt 0:00:10]} 46. Ke3 {[%emt 0:00:10]} Kh4 {[%emt 0:00:36]} 47. Kf4 {[%emt 0:00:15]} Kxh3 {[%emt 0:00:17]} 48. Rg8 {[%emt 0:00:12]} Kh2 {[%emt 0:00:37]} 49. Kf3 {[%emt 0:00:05]} Kh3 {[%emt 0:00:21]} 50. Rh8# {[%emt 0:00:14]} 1-0